00858nam a22001817a 4500003000900000008004100009040007100050082001800121100003200139245011500171260004800286300004900334505023700383650001400620650001000634650001600644650001600660AR-CdUCM190308b ||||| |||| 00| 0 spa d aMUNICIPALIDAD PROVINCIAL DEL CUSCOcBIBLIOTECA MUNICIPAL DEL CUSCO a711.30 /bV48 aVergara Belaúnde, Ricardo aProceso de urbanización en el trapecio andino :bpropuestas de planificación para el desarrollo regional / aLima :bFundación Friedrich Ebert,c1988. a128 páginas ;bCuadros, Diagramas,c20 cm. aContenido: El proceso de urbanización. La reestructuración de los patrones productivas agrícolas. El desarrollo de las actividades urbanas. El proyecto-plan del trapecio andino. Hacia un plan de desarrollo del trapecio andino. aUrbanismo aAndes aPoblación aCrecimiento